Countries bombed by the US - Statistics

General Stats
  • This quiz has been taken 54 times
  • The average score is 21 of 31
Answer Stats
Hint Answer % Correct
1987, 1988, 2025, 2026 Iran
100%
1991, 1993, 1996, 1998, 2003 - 2011, 2014 - Now Iraq
100%
1950 - 1953 North Korea
97%
1945 Japan
92%
1961 - 1973 Vietnam
92%
1998, 2001-2021 Afghanistan
87%
1945 - 1946, 1950 - 1953 China
84%
1950 - 1953 South Korea
84%
2014 - Now Syria
84%
1959 - 1961 Cuba
79%
2004 - 2018 Pakistan
79%
2026 Venezuela
79%
2002 - Now Yemen
79%
1986, 2011 - Now Libya
76%
1969 - 1973 Cambodia
74%
1964 - 1973 Laos
74%
1983 - 1984 Lebanon
68%
1998 Sudan
66%
1991 Kuwait
61%
1989 Panama
61%
1958 Indonesia
58%
1993, 2007 - Now Somalia
55%
2025 Nigeria
53%
1980s Nicaragua
45%
1999 Yugoslavia
45%
1994,1995 Bosnia and Herzegovina
42%
1964 Congo
42%
1980s El Salvador
39%
1983 Grenada
39%
1945, 1960, 1967 - 1969 Guatemala
39%
1965 Dominican Republic
37%
No matching quizzes found
Score Distribution
Percent of People with Each Score
Percentile by Number Answered
Your Score History
You have not taken this quiz